| 000 | 02469nam a2200313Ia 4500 | ||
|---|---|---|---|
| 999 |
_c56174 _d56174 |
||
| 001 | 23275 | ||
| 003 | GE_BSU | ||
| 005 | 20230727172637.0 | ||
| 008 | 181216s2018||||ge |||||||||||||| ||geo|| | ||
| 020 | _a9789941953460 | ||
| 040 | _cGE_BSU | ||
| 041 | _ageo | ||
| 080 | _a94(479.22)"1918 წ."+ 821.353.1-92 გ-97 | ||
| 100 |
_aგურული, ვახტანგ _919548 |
||
| 245 |
_aსაქართველო სრულუფლებოვანი დამოუკიდებელი სახელმწიფოა (1918) / _cვახტანგ გურული ; რედაქტორი სერგო ვარდოსანიძე. |
||
| 264 |
_aთბილისი : _bქართული უნივერსიტეტი, _c2018. |
||
| 300 |
_a176 გვ. : _bილ. ; _c20 სმ. |
||
| 500 | _aეძღვნება 1921 წელს სამშობლოდან გადახვეწილი ქართველების ხსოვნას | ||
| 500 | _aთავფურცლის მე-2 გვერდი ინგლისურ ენაზე, მე-3 გვერდი რუსულ ენაზე | ||
| 520 | _aეძღვნება 1921 წელს სამშობლოდან გადახვეწილი ქართველების ხსოვნას. თავფურცლის მე-2 გვერდი ინგლ. ენაზე, მე-3 გვერდი რუს. ენაზე. | ||
| 541 | _h8 ლ. | ||
| 546 | _aთავფურცლის მე-2 გვერდი ინგლ. ენაზე, მე-3 გვერდი რუს. ენაზე. | ||
| 653 | _aისტორია | ||
| 653 | _aსაქართველო სრულუფლებოვანი დამოუკიდებელი სახელმწიფოა (1918) | ||
| 653 | _aსაქართველოს დამოუკიდებლობის აღდგენა | ||
| 700 |
_aვარდოსანიძე, სერგო _eრედაქტორი _919549 |
||
| 710 |
_aსაქართველოს საპატრიარქოს წმინდა ანდრია პირველწოდებულის სახელობის ქართული უნივერსიტეტი ქართული უნ-ტი. _919550 |
||
| 942 |
_cBK _2udc |
||